|
|
|
|
| LEADER |
00000nam a2200000 a 4500 |
| 001 |
vtls010676965 |
| 003 |
SK-MaSNL |
| 005 |
20260301220141.0 |
| 008 |
240318s2015 xo a e n 000 0 slo |
| 015 |
|
|
|a SNBA2015/05
|
| 020 |
|
|
|a 9788071603542
|q (viaz.)
|
| 035 |
|
|
|a B6565E0E-849F-4ACA-9535-427CBD1E48AF
|
| 035 |
|
|
|a urn:nbn:sk:snk-amjqnw
|
| 035 |
|
|
|a urn:nbn:sk:snk-am002z7j
|
| 040 |
|
|
|a SNK
|b slo
|c SNK
|e AACR2
|
| 041 |
0 |
|
|a slo
|
| 044 |
|
|
|a xo
|c SK
|
| 072 |
|
7 |
|a 327
|x Medzinárodné vzťahy, svetová politika
|2 konspekt
|
| 080 |
|
|
|a 327
|2 2001
|
| 080 |
|
|
|a (075.8)
|2 2001
|
| 100 |
1 |
|
|a Ježová, Daniela,
|d 1981-
|4 aut
|9 197865
|
| 245 |
1 |
0 |
|a Vybrané aspekty medzinárodných vzťahov
|c Daniela Ježová
|
| 250 |
|
|
|a 1. vyd.
|
| 260 |
|
|
|a V Bratislave
|b Univerzita Komenského, Právnická fakulta
|c 2015
|
| 300 |
|
|
|a 184 s.
|b tab.
|c 24 cm
|
| 504 |
|
|
|a Bibliogr.: s. 176-184 ; bibliogr. odkazy ; pozn. ; zoz. skrat.
|
| 650 |
0 |
7 |
|a medzinárodné vzťahy
|2 SNKPH
|9 3690
|
| 650 |
0 |
7 |
|a International relations
|2 SNKPHeng
|9 265830
|
| 650 |
0 |
7 |
|a zahraničná politika
|2 SNKPH
|9 971
|
| 650 |
0 |
7 |
|a Foreign policy
|2 SNKPHeng
|9 266402
|
| 655 |
|
7 |
|a učebnice vysokých škôl
|2 SNKPH
|9 70191
|
| 655 |
|
7 |
|a Textbooks (higher)
|2 SNKPHeng
|9 276436
|
| 752 |
|
|
|a Slovensko
|d Bratislava
|
| 852 |
|
|
|a Štátna vedecká knižnica v Banskej Bystrici
|
| 919 |
|
|
|a 978-80-7160-354-2
|
| 958 |
|
|
|a NB
|
| 999 |
|
|
|c 930773
|d 932703
|
| 952 |
|
|
|a SNK
|b SNK
|y PREZ
|7 0
|p 17A1157371
|o snkSC 164506
|i snk2015/14489
|8 0
|0 0
|1 0
|4 0
|d 2015-05-04
|f 1
|l 0
|r 2025-08-28 00:00:00
|w 2026-02-24
|
| 952 |
|
|
|a SNK
|b SNK
|y VYP
|7 0
|p 17A1157372
|o snkSC 164506 D1
|i snk2015/14490
|8 0
|0 0
|1 0
|4 0
|d 2015-05-04
|l 0
|r 2026-02-24 08:47:20
|w 2026-02-24
|